| 000 | 00536 a2200169 4500 | ||
|---|---|---|---|
| 005 | 20250610110349.0 | ||
| 020 | _a0-13-011333-6 | ||
| 082 | _aLECT 658.3 GOM | ||
| 100 | _aGOMEZ, L. R. | ||
| 245 | _aManaging human resources | ||
| 250 | _a3rd Ed. | ||
| 260 |
_aNew Jersey, _bPrentice Hall, _c2001. |
||
| 300 |
_axxviii, 621p.: ill.; figure, graph, picture, table. _bIndex, _c28cm. |
||
| 700 | _aBALKIN, D. B. & CARDY, R. L. | ||
| 856 |
_yAccess online book _fManaging human resources _dwww.prenhall.com/gomez |
||
| 942 |
_2ddc _cBKS |
||
| 999 |
_c3594 _d3594 |
||